| 000 | 02038nam1a2200373 i 4500 | ||
|---|---|---|---|
| 001 | RU\NLR\BIBL_A\012818713 | ||
| 005 | 20260405232016.0 | ||
| 035 | _a(NLR Aleph) 012818713 | ||
| 090 |
_a12309414 _c12309414 |
||
| 100 | _a20220530g20219999k y0rusy50 ca | ||
| 101 | 0 |
_arus _abua |
|
| 102 | _aRU | ||
| 105 | _a||||g|||||||| | ||
| 181 | 0 |
_ai _baxxe |
|
| 182 | 0 | _an | |
| 200 | 1 |
_aЛичные имена бурят рода Барунъ-Кубдут ... _fР.Г. Жамсаранова, З.Д. Бардаханова, В.И. Алтаева _gМинистерство образования и науки Российской Федерации, Федеральное государственное бюджетное образовательное учреждение высшего образования "Забайкальский государственный университет" |
|
| 203 |
_aТекст _bвизуальный _cнепосредственный |
||
| 210 |
_aЧита _cЗабайкальский государственный университет _cЧитинская городская типография _d2021 |
||
| 215 | _d21 | ||
| 300 | _aЧасть текста на бурят. яз. | ||
| 602 |
_aБарунъ-Кубдуты (род) _92519191 _3RU\NLR\AUTH\6601707439 |
||
| 606 | 1 |
_aБурятский язык _xИсторическая антропонимика _92517506 _3RU\NLR\AUTH\6601706661 |
|
| 675 |
_a811.512.31'373.231 _v4 |
||
| 686 | 1 | _aШ164.2-0-314 | |
| 686 | 1 | _aТ214(2Р-6Бу) | |
| 700 | 1 |
_8rus _7ca _aЖамсаранова _bР. Г. _f1956- _gРаиса Гандыбаловна _3RU\NLR\AUTH\77105842 _988767 |
|
| 701 | 1 |
_aБардаханова _bЗ. Д. _gЗамира Доржиевна |
|
| 701 | 1 |
_aАлтаева _bВ. И. _gВиктория Игоревна |
|
| 722 |
_7ca _8rus _aБарунъ-Кубдуты (род) _9243620 _3RU\NLR\AUTH\770243676 |
||
| 852 |
_aNLR _jОНЛ |
||
| 942 | _cBOOK | ||